<?xml version="1.0" encoding="UTF-8"?>
<record
    xmlns:xsi="http://www.w3.org/2001/XMLSchema-instance"
    xsi:schemaLocation="http://www.loc.gov/MARC21/slim http://www.loc.gov/standards/marcxml/schema/MARC21slim.xsd"
    xmlns="http://www.loc.gov/MARC21/slim">

  <leader>02191nam a2200589 a 4500</leader>
  <controlfield tag="005">20240430114831.0</controlfield>
  <controlfield tag="008">141118t2013||||mx a   f |||| 001 0 spa d</controlfield>
  <datafield tag="020" ind1=" " ind2=" ">
    <subfield code="a">9786074483529</subfield>
  </datafield>
  <datafield tag="041" ind1=" " ind2=" ">
    <subfield code="a">spa</subfield>
  </datafield>
  <datafield tag="092" ind1=" " ind2=" ">
    <subfield code="c">616.96</subfield>
    <subfield code="l">75</subfield>
    <subfield code="s">ROD</subfield>
  </datafield>
  <datafield tag="100" ind1="1" ind2=" ">
    <subfield code="a">Rodr&#xED;guez P&#xE9;rez, Elba G.</subfield>
    <subfield code="9">3569</subfield>
  </datafield>
  <datafield tag="245" ind1=" " ind2=" ">
    <subfield code="a">Parasitolog&#xED;a m&#xE9;dica /  </subfield>
    <subfield code="c">Elba G. Rodr&#xED;guez P&#xE9;rez</subfield>
  </datafield>
  <datafield tag="250" ind1=" " ind2=" ">
    <subfield code="a">1a ed.</subfield>
  </datafield>
  <datafield tag="260" ind1=" " ind2=" ">
    <subfield code="a">M&#xE9;xico: </subfield>
    <subfield code="b">Manual Moderno;</subfield>
    <subfield code="c">2013.</subfield>
  </datafield>
  <datafield tag="300" ind1=" " ind2=" ">
    <subfield code="a">386 p.</subfield>
    <subfield code="b">il.</subfield>
    <subfield code="c">23 cm.</subfield>
  </datafield>
  <datafield tag="500" ind1=" " ind2=" ">
    <subfield code="a">Rodr&#xED;guez P&#xE9;rez, E. G. (2013). Parasitolog&#xED;a m&#xE9;dica. (1a ed.). M&#xE9;xico : Manual Moderno.</subfield>
  </datafield>
  <datafield tag="653" ind1=" " ind2=" ">
    <subfield code="a">Generalidades de los protozoarios</subfield>
  </datafield>
  <datafield tag="653" ind1=" " ind2=" ">
    <subfield code="a">Disenteria amibiana, abceso hep&#xE1;tico amibiano (AHA)</subfield>
  </datafield>
  <datafield tag="653" ind1=" " ind2=" ">
    <subfield code="a">Blastocistosis</subfield>
  </datafield>
  <datafield tag="653" ind1=" " ind2=" ">
    <subfield code="a">Meningoencefalitis amibiana primaria (MAP)</subfield>
  </datafield>
  <datafield tag="653" ind1=" " ind2=" ">
    <subfield code="a">Encefalitis granulomatosa amibiana (EGA)</subfield>
  </datafield>
  <datafield tag="653" ind1=" " ind2=" ">
    <subfield code="a">Balantidiosis, balantidiasis</subfield>
  </datafield>
  <datafield tag="653" ind1=" " ind2=" ">
    <subfield code="a">Gastroenteritis por Giardia</subfield>
  </datafield>
  <datafield tag="653" ind1=" " ind2=" ">
    <subfield code="a">Trichominiasis, trichomoniosis</subfield>
  </datafield>
  <datafield tag="653" ind1=" " ind2=" ">
    <subfield code="a">Cryptosporidiosis, diarrea acuosa profusa</subfield>
  </datafield>
  <datafield tag="653" ind1=" " ind2=" ">
    <subfield code="a">Ciclosporosis, ciclosporiasis</subfield>
  </datafield>
  <datafield tag="653" ind1=" " ind2=" ">
    <subfield code="a">Isosporiosis, isosporiasis</subfield>
  </datafield>
  <datafield tag="653" ind1=" " ind2=" ">
    <subfield code="a">Microsporidiosis</subfield>
  </datafield>
  <datafield tag="653" ind1=" " ind2=" ">
    <subfield code="a">Toxoplasmosis</subfield>
  </datafield>
  <datafield tag="653" ind1=" " ind2=" ">
    <subfield code="a">Neumocistosis</subfield>
  </datafield>
  <datafield tag="653" ind1=" " ind2=" ">
    <subfield code="a">Tripanosomiosis americana, trypanosomiasis, enfermedad de Chagas</subfield>
  </datafield>
  <datafield tag="653" ind1=" " ind2=" ">
    <subfield code="a">Leishmaniosis, leishmaniasis, &#xFA;lcera de los chicleros</subfield>
  </datafield>
  <datafield tag="653" ind1=" " ind2=" ">
    <subfield code="a">Paludismo, Malaria, Fiebre de los Pantanos</subfield>
  </datafield>
  <datafield tag="653" ind1=" " ind2=" ">
    <subfield code="a">Generalidades de los helmintos</subfield>
  </datafield>
  <datafield tag="653" ind1=" " ind2=" ">
    <subfield code="a">Enterobiosis, enterobiasis, oxiuriasis</subfield>
  </datafield>
  <datafield tag="653" ind1=" " ind2=" ">
    <subfield code="a">Trichiurosis, trichuriasis, tricocefalosis</subfield>
  </datafield>
  <datafield tag="653" ind1=" " ind2=" ">
    <subfield code="a">Ascariosis, ascariasis</subfield>
  </datafield>
  <datafield tag="653" ind1=" " ind2=" ">
    <subfield code="a">Toxocarisis, toxocariasis</subfield>
  </datafield>
  <datafield tag="653" ind1=" " ind2=" ">
    <subfield code="a">Estrongiloidosis</subfield>
  </datafield>
  <datafield tag="653" ind1=" " ind2=" ">
    <subfield code="a">Necatoriosis, necatoriasis</subfield>
  </datafield>
  <datafield tag="653" ind1=" " ind2=" ">
    <subfield code="a">Gnatostomiasis</subfield>
  </datafield>
  <datafield tag="653" ind1=" " ind2=" ">
    <subfield code="a">Triquinosis, triquiniasis</subfield>
  </datafield>
  <datafield tag="653" ind1=" " ind2=" ">
    <subfield code="a">Oncocercosis, Ceguera de los R&#xED;os, Enfermedad de Robles, Mal morado, Erisipela de la Costa</subfield>
  </datafield>
  <datafield tag="653" ind1=" " ind2=" ">
    <subfield code="a">Teniosis, teniasis</subfield>
  </datafield>
  <datafield tag="653" ind1=" " ind2=" ">
    <subfield code="a">Cisticercosis</subfield>
  </datafield>
  <datafield tag="653" ind1=" " ind2=" ">
    <subfield code="a">Hidatidosis</subfield>
  </datafield>
  <datafield tag="653" ind1=" " ind2=" ">
    <subfield code="a">Himenolepiasis, dilipidiasis</subfield>
  </datafield>
  <datafield tag="653" ind1=" " ind2=" ">
    <subfield code="a">Faciolosis</subfield>
  </datafield>
  <datafield tag="653" ind1=" " ind2=" ">
    <subfield code="a">Paragonimiosis, paragonimiasis</subfield>
  </datafield>
  <datafield tag="653" ind1=" " ind2=" ">
    <subfield code="a">Anexo: cuadros de prevenci&#xF3;n</subfield>
  </datafield>
  <datafield tag="942" ind1=" " ind2=" ">
    <subfield code="2">ddc</subfield>
    <subfield code="c">BK</subfield>
    <subfield code="0">4</subfield>
  </datafield>
  <datafield tag="999" ind1=" " ind2=" ">
    <subfield code="c">2107</subfield>
    <subfield code="d">2107</subfield>
  </datafield>
  <datafield tag="952" ind1=" " ind2=" ">
    <subfield code="0">0</subfield>
    <subfield code="1">0</subfield>
    <subfield code="2">ddc</subfield>
    <subfield code="4">0</subfield>
    <subfield code="7">0</subfield>
    <subfield code="8">REF</subfield>
    <subfield code="a">BFM</subfield>
    <subfield code="b">BFM</subfield>
    <subfield code="c">REF</subfield>
    <subfield code="d">2014-11-18</subfield>
    <subfield code="e">COMPRA PROMED, 3er A&#xD1;O. NOVIEMBRE 2014</subfield>
    <subfield code="g">390.00</subfield>
    <subfield code="l">1</subfield>
    <subfield code="o">616.96 75 ROD</subfield>
    <subfield code="p">3369</subfield>
    <subfield code="r">2019-09-16</subfield>
    <subfield code="s">2019-09-13</subfield>
    <subfield code="t">Ej.1</subfield>
    <subfield code="w">2014-11-18</subfield>
    <subfield code="y">REF</subfield>
    <subfield code="z">LIBRO DE CONSULTA,COMPRA PROMED, 3er A&#xD1;O. NOVIEMBRE 2014. Sede Tordos.</subfield>
    <subfield code="f"></subfield>
  </datafield>
  <datafield tag="952" ind1=" " ind2=" ">
    <subfield code="0">0</subfield>
    <subfield code="1">0</subfield>
    <subfield code="2">ddc</subfield>
    <subfield code="4">0</subfield>
    <subfield code="7">0</subfield>
    <subfield code="a">BFM</subfield>
    <subfield code="b">BFM</subfield>
    <subfield code="c">CR</subfield>
    <subfield code="d">2014-11-18</subfield>
    <subfield code="e">COMPRA PROMED, 3er A&#xD1;O. NOVIEMBRE 2014</subfield>
    <subfield code="g">390.00</subfield>
    <subfield code="l">23</subfield>
    <subfield code="m">5</subfield>
    <subfield code="o">616.96 75 ROD</subfield>
    <subfield code="p">3370</subfield>
    <subfield code="r">2020-03-05</subfield>
    <subfield code="s">2019-12-16</subfield>
    <subfield code="t">Ej.2</subfield>
    <subfield code="w">2014-11-18</subfield>
    <subfield code="y">BK</subfield>
    <subfield code="z">COMPRA PROMED, 3er A&#xD1;O. NOVIEMBRE 2014</subfield>
  </datafield>
  <datafield tag="952" ind1=" " ind2=" ">
    <subfield code="0">0</subfield>
    <subfield code="1">0</subfield>
    <subfield code="2">ddc</subfield>
    <subfield code="4">0</subfield>
    <subfield code="7">0</subfield>
    <subfield code="a">BFM</subfield>
    <subfield code="b">BFM</subfield>
    <subfield code="c">CR</subfield>
    <subfield code="d">2014-11-18</subfield>
    <subfield code="e">COMPRA PROMED, 3er A&#xD1;O. NOVIEMBRE 2014</subfield>
    <subfield code="g">390.00</subfield>
    <subfield code="l">15</subfield>
    <subfield code="m">4</subfield>
    <subfield code="o">616.96 75 ROD</subfield>
    <subfield code="p">3371</subfield>
    <subfield code="r">2025-10-29</subfield>
    <subfield code="s">2025-10-22</subfield>
    <subfield code="t">Ej.3</subfield>
    <subfield code="w">2014-11-18</subfield>
    <subfield code="y">BK</subfield>
    <subfield code="z">COMPRA PROMED, 3er A&#xD1;O. NOVIEMBRE 2014. Sede Tordos.</subfield>
    <subfield code="f"></subfield>
  </datafield>
  <datafield tag="952" ind1=" " ind2=" ">
    <subfield code="0">0</subfield>
    <subfield code="1">0</subfield>
    <subfield code="2">ddc</subfield>
    <subfield code="4">0</subfield>
    <subfield code="7">0</subfield>
    <subfield code="a">BFM</subfield>
    <subfield code="b">BFM</subfield>
    <subfield code="c">CR</subfield>
    <subfield code="d">2014-11-18</subfield>
    <subfield code="e">COMPRA PROMED, 3er A&#xD1;O. NOVIEMBRE 2014</subfield>
    <subfield code="g">390.00</subfield>
    <subfield code="l">24</subfield>
    <subfield code="m">4</subfield>
    <subfield code="o">616.96 75 ROD</subfield>
    <subfield code="p">3372</subfield>
    <subfield code="r">2025-11-20</subfield>
    <subfield code="s">2025-11-05</subfield>
    <subfield code="t">Ej.4</subfield>
    <subfield code="w">2014-11-18</subfield>
    <subfield code="y">BK</subfield>
    <subfield code="z">COMPRA PROMED, 3er A&#xD1;O. NOVIEMBRE 2014</subfield>
  </datafield>
  <datafield tag="952" ind1=" " ind2=" ">
    <subfield code="0">0</subfield>
    <subfield code="1">0</subfield>
    <subfield code="2">ddc</subfield>
    <subfield code="4">0</subfield>
    <subfield code="7">0</subfield>
    <subfield code="a">BFM</subfield>
    <subfield code="b">BFM</subfield>
    <subfield code="c">CR</subfield>
    <subfield code="d">2014-11-18</subfield>
    <subfield code="e">COMPRA PROMED, 3er A&#xD1;O. NOVIEMBRE 2014</subfield>
    <subfield code="g">390.00</subfield>
    <subfield code="l">30</subfield>
    <subfield code="m">4</subfield>
    <subfield code="o">616.96 75 ROD</subfield>
    <subfield code="p">3373</subfield>
    <subfield code="r">2025-10-09</subfield>
    <subfield code="s">2025-10-02</subfield>
    <subfield code="t">Ej.5</subfield>
    <subfield code="w">2014-11-18</subfield>
    <subfield code="y">BK</subfield>
    <subfield code="z">COMPRA PROMED, 3er A&#xD1;O. NOVIEMBRE 2014. Sede Tordos. </subfield>
    <subfield code="f"></subfield>
  </datafield>
</record>
